Kluk v kopačkách. Největší fotbalista /
Další příhody kamarádů Tomáše a Jirky. I tentokrát půjde o jejich fotbalová utkání.
Uloženo v:
| Série: | Kluk v kopačkách,
část 5 |
|---|---|
| Hlavní autor: | |
| Další autoři: | |
| Médium: | Kniha |
| Jazyk: | Czech |
| Vydáno: |
Praha :
Bambook,
2026
|
| Vydání: | První vydání |
| Témata: | |
| Celkem bylo vypůjčeno: | 0x |
| Příbuzné jednotky: | Z cyklu::
Kluk v kopačkách |
| Tagy: |
Žádné tagy |
| LEADER | 02305nam a2200457 i 4500 | ||
|---|---|---|---|
| 001 | 106443 | ||
| 003 | CZ PrNK | ||
| 005 | 20260602125107.0 | ||
| 007 | ta | ||
| 008 | 260513s2026 xr a b 000 j cze | ||
| 015 | |a cnb003758130 | ||
| 020 | |a 9788027120376 |q (vázáno) : |c Kč 299,00 | ||
| 040 | |a ABG001 |b cze |d BOA001 |e rda | ||
| 072 | 7 | |a 821.162.3-3 |x Česká próza |2 Konspekt |9 25 | |
| 072 | 7 | |a 821-93 |x Literatura pro děti a mládež (beletrie) |2 Konspekt |9 26 | |
| 080 | |a 821.162.3-32 |2 MRF | ||
| 080 | |a 821-93 |2 MRF | ||
| 080 | |a (0:82-32) |2 MRF | ||
| 100 | 1 | |a Bolfová, Markéta |7 xx0281490 |4 aut |9 114047 | |
| 245 | 1 | 0 | |a Kluk v kopačkách. |p Největší fotbalista / |c Markéta Bolfová ; ilustrace Lukáš Fibrich |
| 246 | 3 | 0 | |a Největší fotbalista |
| 250 | |a První vydání | ||
| 264 | 1 | |a Praha : |b Bambook, |c 2026 | |
| 300 | |a 129 stran : |b ilustrace ; |c 21 cm | ||
| 336 | |a text |b txt |2 rdacontent | ||
| 337 | |a bez média |b n |2 rdamedia | ||
| 338 | |a svazek |b nc |2 rdacarrier | ||
| 520 | 2 | |a Další příhody kamarádů Tomáše a Jirky. I tentokrát půjde o jejich fotbalová utkání. |b Tomáš stojí před těžkou výzvou - jeho tým Kopaček čeká zápas proti Vlčákům, vedeným nebezpečným Edou. Ten sice střílí gól za gólem, ale zároveň nehraje úplně fér. Když se blíží jarní prázdniny a nábor nových fotbalistů, Tomáš tuší, že střet s Vlčáky nebude jen obyčejný zápas. Podaří se jeho týmu zvítězit? A jak se vypořádá s Edou i s nástrahami mimo hřiště? Nakladatelská anotace. | |
| 521 | 8 | |a Pro děti od 8 let | |
| 655 | 7 | |a české příběhy |7 fd133973 |2 czenas |9 54030 | |
| 655 | 7 | |a publikace pro děti |7 fd133156 |2 czenas |9 23 | |
| 655 | 9 | |a Czech stories |2 eczenas | |
| 655 | 9 | |a children's literature |2 eczenas | |
| 700 | 1 | |a Fibrich, Lukáš, |d 1974- |7 jx20051103018 |4 ill |9 12940 | |
| 710 | 2 | |a Bambook (nakladatelství) |7 ko20251277654 |4 pbl |9 117206 | |
| 787 | 0 | 8 | |i Z cyklu: |t Kluk v kopačkách |g 5 |
| 910 | |a UOG502 | ||
| 942 | |2 ddc |c KN | ||
| 999 | |d 106443 | ||
| 993 | |0 0 |1 421180107157 |2 ddc |4 0 |6 M |7 0 |9 99870 |b 0 |c 107157 |d 2026-06-02 |e 0 |f M |g M |h 299.00 |i Koupě |l M |r 2026-06-02 |t 8 |w 2026-06-02 |y KN |z BELET |n | ||
| 993 | |0 0 |1 421180107191 |2 ddc |4 0 |6 M |7 0 |9 99910 |b 0 |c 107191 |d 2026-06-03 |e 0 |f M |g M |h 299.00 |i Koupě |l M |r 2026-06-03 |t 8 |w 2026-06-03 |y KN |z BELET |n | ||